Principles of human nutrition / (Record no. 1596)

000 -LEADER
fixed length control field 00861cam a2200277 i 4500
003 - CONTROL NUMBER IDENTIFIER
control field OSt
005 - DATE AND TIME OF LATEST TRANSACTION
control field 20210629070210.0
008 - FIXED-LENGTH DATA ELEMENTS--GENERAL INFORMATION
fixed length control field 790119s1978 enk b 000 0 eng
020 ## - INTERNATIONAL STANDARD BOOK NUMBER
International Standard Book Number 0713126485 :
-- 0713126493
040 ## - CATALOGING SOURCE
Transcribing agency DLC
050 00 - LIBRARY OF CONGRESS CALL NUMBER
Classification number QP141
Item number .T37 1978
100 1# - MAIN ENTRY--PERSONAL NAME
Personal name Taylor, T. Geoffrey
Dates associated with a name 1918-
245 10 - TITLE STATEMENT
Title Principles of human nutrition /
Statement of responsibility, etc. T. Geoffrey Taylor.
260 ## - PUBLICATION, DISTRIBUTION, ETC.
Place of publication, distribution, etc. London :
Name of publisher, distributor, etc. Arnold,
Date of publication, distribution, etc. 1978.
300 ## - PHYSICAL DESCRIPTION
Extent v, 63, [3] p. :
Other physical details graphs ;
Dimensions 23 cm.
504 ## - BIBLIOGRAPHY, ETC. NOTE
Bibliography, etc. note Bibliography: p. [66]
650 #0 - SUBJECT ADDED ENTRY--TOPICAL TERM
Topical term or geographic name entry element Nutrition.
830 #0 - SERIES ADDED ENTRY--UNIFORM TITLE
Volume/sequential designation no. 94.
906 ## - LOCAL DATA ELEMENT F, LDF (RLIN)
a 7
b cbc
c orignew
d 4
e ncip
f 19
g y-gencatlg
942 ## - ADDED ENTRY ELEMENTS (KOHA)
Source of classification or shelving scheme
Koha item type Book
Suppress in OPAC SO
Holdings
Withdrawn status Lost status Source of classification or shelving scheme Damaged status Not for loan Permanent Location Current Location Shelving location Date acquired Total Checkouts Full call number Barcode Date last seen Date last checked out Price effective from Koha item type Public note
          AU LIBRARY AU LIBRARY Open Shelf 29.06.2021 1 QP141 .T37 1978 28001985 17.04.2023 05.04.2023 29.06.2021 Book SO

Powered by Koha